|
|
|
|
| LEADER |
00933nam a2200229 a 4500 |
| 001 |
GR-Patra26545 |
| 003 |
GR-PaULI |
| 005 |
20240304093349.0 |
| 008 |
880916t19871963nyu g 001 baeng d |
| 020 |
|
|
|a 1904915019
|
| 040 |
|
|
|a GR-PaULI
|b gre
|c GR-PaULI
|e AACR2
|
| 082 |
0 |
4 |
|a 659.1
|2 23
|
| 100 |
1 |
|
|a Ogilvy, David Mackenzie,
|d 1911-1999
|e
|9 156928
|
| 245 |
1 |
0 |
|a Confessions of an advertising man /
|c David Ogilvy.
|
| 260 |
|
|
|a New York :
|b Southbank,
|c 1987, c1963.
|
| 300 |
|
|
|a 207 σ. ;
|c 21 εκ.
|
| 500 |
|
|
|a Περιλαμβάνει ευρετήριο.
|
| 600 |
1 |
0 |
|a Ogilvy, David Mackenzie,
|d 1911-1999
|e
|9 156928
|
| 650 |
|
4 |
|a Διαφήμιση
|9 20153
|x Ηνωμένες Πολιτείες Αμερικής.
|
| 942 |
|
|
|2 ddc
|c BK
|
| 952 |
|
|
|0 0
|1 0
|2 ddc
|4 0
|6 659_100000000000000_OGI
|7 0
|9 308917
|a LISP
|b LISP
|c BSC
|d 2021-01-17
|e
|f
|i 43072
|l 0
|o 659.1 OGI
|p 025000308341
|r 2021-01-17 00:00:00
|t 1
|w 0000-00-00
|y BK15
|x
|x
|
| 999 |
|
|
|c 177959
|d 177959
|